[Event "LN Tolstoy Memorial 2021"]
[Site "Yasnaya Polyana"]
[Date "2021.09.11"]
[Round "1.1"]
[White "Alekseenko, Kirill"]
[Black "Matlakov, Maxim"]
[Result "1/2-1/2"]
[WhiteElo "2693"]
[BlackElo "2683"]
[Annotator "TA"]
[PlyCount "125"]
[EventDate "2021.09.11"]
[EventType "tourn"]
[EventCountry "RUS"]
[SourceTitle "playchess.com"]
[Source "ChessBase"]
[SourceQuality "1"]

{[%evp 11,125,8,22,15,31,19,27,12,11,7,15,15,25,19,26,11,25,16,12,12,11,10,13,
11,19,20,20,15,28,12,29,16,20,-8,29,0,2,0,1,0,12,-1,0,-91,-89,-89,-89,-88,-93,
-92,-100,-98,-93,-126,-72,-91,-95,-97,-100,-104,-85,-92,-92,-93,-82,-93,-83,
-93,-93,-114,-112,-111,-110,-118,-64,-68,0,-75,-75,-86,-82,-169,-164,-156,-152,
-153,-90,-121,-68,-97,-77,-96,0,-68,-64,-64,-64,-64,-64,-64,0,-64,0,-64,-64,
-64,-64,-64,0,0,0,-64,0,0,0,-72]} 1. e4 e5 2. Nf3 Nc6 3. Bc4 Nf6 4. d3 Bc5 5.
c3 d6 6. O-O a6 7. a4 $1 {[%mdl 4] is now more promising than 7.Bb3. C54:
Giuoco Piano: 4 c3 Nf6, main lines with 5 d4 and 5 d3.} Ba7 8. Nbd2 O-O 9. h3 {
White has an edge.} h6 10. b4 Re8 11. Re1 Be6 12. Bxe6 Rxe6 13. Qc2 Qd7 14. Nf1
d5 15. Be3 Bxe3 16. Nxe3 Ne7 17. a5 Ng6 {[#]} 18. c4 $146 {[%cal Rc4d5]} ({
Predecessor:} 18. g3 Rd8 19. Kg2 Qc6 20. Nf5 Ne7 21. Nxe7+ Rxe7 22. c4 dxe4 23.
dxe4 Qe8 24. Rad1 {1-0 (33) Ding,L (2791)-Carlsen,M (2863) chess24.com INT 2020
}) 18... d4 19. Nf5 Kh7 20. Qd2 Rae8 21. Rf1 Ne7 22. Ng3 Ng6 (22... c5 $5) 23.
Kh2 c5 24. Rfb1 Qc7 25. b5 Ra8 26. Rb3 Ne8 27. Rab1 {[#]} (27. Nf5 $11) 27...
axb5 $1 $17 28. Rxb5 Nd6 29. Rb6 {[#]} Ne7 $1 {[%cal Bg6e7,Be7c8,Bc8d6][%mdl
32]} 30. Nh4 Nec8 31. R6b2 Qxa5 32. Qe2 Qd8 (32... g6 $142 33. Nf1 Qd8) 33.
Nhf5 g6 34. Nxd6 Nxd6 35. Nf1 Kg7 36. Nd2 Ra3 37. g3 Qa5 38. Nb3 Qc7 39. Nd2
Re8 40. Kg2 Rea8 41. Nf3 Qe7 42. h4 Rc3 (42... h5 $17 43. Rb6 f6) 43. h5 $15
Raa3 ({But not} 43... gxh5 $6 44. Rb6 $14) (43... g5 $15) 44. Ne1 (44. hxg6 $1
$11 {remains equal.} Rxd3 45. Nh4) 44... g5 $17 45. Rc2 Rxc2 46. Nxc2 (46. Qxc2
$17 Ra6 47. Nf3) 46... Ra2 $19 47. Qd1 Qd7 48. Ne1 Qc6 (48... f5 $142 49. Qb3
Ra6 50. exf5 g4) 49. Nf3 $17 f6 (49... f5 $17 50. Qb3 Ra6 51. Nxe5 Qe8) 50. Qb3
Ra4 (50... Ra6 {with more complications.} 51. Qd1 b6 52. Rb2 Qa8 53. Qe2 Qb7)
51. Qc2 Qa6 (51... Ra6 $17 52. Rb2 b6) 52. Nh2 (52. Rb6 $1 $11 Qxb6 53. Qxa4)
52... Ra3 53. Qd1 Qc6 54. Kg1 Qd7 55. Kg2 Qc6 ({Better is} 55... Qf7 $15) 56.
Ng4 ({White should try} 56. Kg1 $1 $11) 56... Qd7 (56... Qe8 $15 57. Rb6 Ra6)
57. Qf3 (57. Nh2 $1 $11) 57... Qe6 $15 58. Rb6 {Black must now prevent Rxd6!}
Ra6 59. Rb2 Ra3 60. Rb6 {Strongly threatening Rxd6!} Ra6 61. Rb2 Ra3 62. Rb6 {
Hoping for Rxd6!} Ra6 63. Rb2 $1 {Weighted Error Value: White=0.17/Black=0.14}
1/2-1/2

[Event "LN Tolstoy Memorial 2021"]
[Site "Yasnaya Polyana"]
[Date "2021.09.11"]
[Round "1.2"]
[White "Giri, Anish"]
[Black "Gelfand, Boris"]
[Result "1-0"]
[WhiteElo "2777"]
[BlackElo "2680"]
[Annotator "TA"]
[PlyCount "61"]
[EventDate "2021.09.11"]
[EventType "tourn"]
[EventCountry "RUS"]
[SourceTitle "playchess.com"]
[Source "ChessBase"]
[SourceQuality "1"]

{[%evp 13,61,0,7,-44,0,0,46,42,51,45,49,41,49,39,24,24,43,30,28,12,42,33,47,42,
76,38,65,16,188,160,133,208,267,256,263,254,290,287,286,280,292,279,401,388,
422,384,490,490,504,505]} 1. d4 Nf6 2. c4 e6 3. Nf3 d5 4. Nc3 c6 5. Qd3 dxc4 6.
Qxc4 b5 7. Qd3 a6 8. g4 {D43: Semi-Slav: 5 Bg5 h6.} ({White should try} 8. e4
$11) 8... c5 9. g5 Nd5 10. dxc5 {White is slightly better.} Bb7 11. Nxd5 Qxd5
12. Qxd5 Bxd5 13. Be3 Nc6 14. Bg2 {[#]} h6 $146 ({Predecessor:} 14... g6 15.
O-O Bg7 16. Rfb1 O-O 17. Ne1 Rfd8 18. Nd3 Rac8 19. Rd1 Bd4 20. h4 Bxe3 21. fxe3
{1-0 (44) Deac,B (2626)-Horvath,D (2449) Caleta 2020}) 15. g6 Be7 16. a4 {
[#] And now axb5 would win.} bxa4 17. Rxa4 fxg6 18. O-O Bf6 19. Rfa1 a5 20. Bd4
Ke7 $2 {A mistake that costs the game.} (20... O-O $11) 21. e4 $1 $18 Bb3 22.
e5 Bxa4 23. exf6+ ({Weaker is} 23. Rxa4 Nxd4 24. exf6+ (24. Rxd4 Rhd8 $11)
24... Kxf6 $16) 23... gxf6 {[#] ...Bb3 is the strong threat.} 24. Rxa4 Rab8 25.
Bc3 ({Resist} 25. Nh4 $6 Rhc8 $16) 25... Rhc8 26. Nd2 Rb5 27. Ne4 Rcb8 (27...
Rf8 $142 28. Bf1 Rb7) 28. Bxf6+ Kf8 29. Bc3 Rd8 30. Bf3 e5 31. Nd6 {Weighted
Error Value: White=0.11/Black=0.42} 1-0

[Event "LN Tolstoy Memorial 2021"]
[Site "Yasnaya Polyana"]
[Date "2021.09.11"]
[Round "1.3"]
[White "Vitiugov, Nikita"]
[Black "Korobov, Anton"]
[Result "1/2-1/2"]
[WhiteElo "2727"]
[BlackElo "2685"]
[Annotator "TA"]
[PlyCount "77"]
[EventDate "2021.09.11"]
[EventType "tourn"]
[EventCountry "RUS"]
[SourceTitle "playchess.com"]
[Source "ChessBase"]
[SourceQuality "1"]

{[%evp 13,77,-7,0,-14,-3,-5,0,0,0,0,1,6,46,30,50,-48,-47,-46,-41,-37,-47,-94,
-76,-122,-127,-105,-46,-40,-43,-25,-24,-55,-29,-35,-14,-95,-41,-64,-19,-45,-37,
-54,-57,-52,0,-92,-81,-92,0,0,0,-13,-14,-14,0,0,0,0,0,0,0,0,0,0,0,0]} 1. d4 Nf6
2. c4 e6 3. Nc3 Bb4 4. e3 O-O 5. Bd3 d5 6. cxd5 exd5 7. Nge2 Re8 8. Bd2 {
E48: Nimzo-Indian: Rubinstein: 5 Bd3 d5 including 6 Ne2, but excluding 6 a3.}
Bd6 9. Qc2 a6 {[#]} 10. f3 $146 ({Predecessor:} 10. O-O Nbd7 11. Nf4 Nb6 12.
Rad1 c6 13. g3 Bd7 14. Nce2 a5 15. f3 Qe7 16. g4 h6 17. b3 c5 18. dxc5 Bxc5 19.
Nd4 {1/2-1/2 (19) Moradiabadi,E (2545)-Zhou,J (2608) Dulles 2019}) 10... c5 11.
dxc5 Bxc5 12. e4 Nc6 {And now ...Nb4 would win.} 13. Nxd5 Ne5 14. O-O-O (14.
Nxf6+ $1 $14 Qxf6 15. O-O-O) 14... Nxd5 $15 15. exd5 Nxd3+ 16. Qxd3 Re5 $1 17.
Ng3 Rxd5 18. Qe4 Be6 19. Bc3 Rc8 (19... b5 $17 20. Rxd5 Qxd5) 20. Rxd5 Bxd5 21.
Qg4 {[%csl Gc3][%cal Rg4g7]} Bf8 {Threatens to win with ...Be6.} 22. Rd1 {
[#] Black must now prevent Qh5.} Rxc3+ $1 23. bxc3 Qa5 $36 {[%mdl 2048] Black
has some pressure.} 24. Qc8 (24. Qd4 $11 {keeps the balance.} Bxa2 25. Rd2)
24... Qxa2 (24... Be6 $17 25. Qd8 Qxa2) 25. Rd2 $1 {[%cal Rd2a2]} (25. Nf5 $2
Qa3+ 26. Kd2 Be6 $19) 25... Qa1+ {[%mdl 1024] Black has compensation.} 26. Kc2
Qa4+ 27. Kd3 Qb5+ $1 28. Ke3 $1 {Threatening Nf5.} Be6 (28... Qb6+ $15 29. Rd4
Qc5 30. Qxc5 Bxc5) 29. Qd8 {[#]} (29. Qb8 $1 $11 {remains equal.}) 29... a5 $1
$17 30. Ne4 {[#]} a4 ({Better is} 30... f5 $1 $17 {[%cal Rf5e4]} 31. Nd6 Qc5+ {
[%mdl 64] Double Attack} 32. Ke2 Qxc3) 31. Qa8 {The position is equal.} Qb6+
32. Kf4 $1 Qc7+ 33. Ke3 $1 Qb6+ ({Inferior is} 33... Qxh2 34. Rd8 $16) 34. Kf4
$1 g5+ (34... f5 $5 35. Rd8 $8 g5+ 36. Nxg5 (36. Kxg5 $2 Kg7 $19) 36... Qc7+ {
[%mdl 64] Double Attack} 37. Ke3 Qxc3+ 38. Kf2 Qc5+ 39. Kg3 f4+ {[%mdl 64]
Discovered Attack} 40. Kh4 Bf5 $11) 35. Kg3 $1 Qc7+ 36. Kf2 {Hoping for Nf6+.}
Qb6+ $1 37. Kg3 Qc7+ 38. Kf2 {aiming for Nf6+.} Qb6+ $1 39. Kg3 {Weighted
Error Value: White=0.18/Black=0.10} 1/2-1/2

[Event "LN Tolstoy Memorial 2021"]
[Site "Yasnaya Polyana"]
[Date "2021.09.11"]
[Round "1.4"]
[White "Abdusattorov, Nodirbek"]
[Black "Paravyan, David"]
[Result "1-0"]
[WhiteElo "2648"]
[BlackElo "2660"]
[Annotator "TA"]
[PlyCount "79"]
[EventDate "2021.09.11"]
[EventType "tourn"]
[EventCountry "RUS"]
[SourceTitle "playchess.com"]
[Source "ChessBase"]
[SourceQuality "1"]

{[%evp 12,79,12,7,13,7,22,15,18,0,64,70,65,61,56,27,43,26,44,44,44,44,44,44,49,
40,46,17,32,12,14,14,14,14,14,14,12,-89,-57,-80,-108,-86,110,176,470,374,493,
418,596,594,565,391,385,390,387,387,379,383,373,317,352,352,299,263,631,617,
795,786,939,941]} 1. d4 f5 2. Nc3 Nf6 3. Bg5 d5 4. Bxf6 exf6 5. e3 Be6 6. Bd3
Nc6 7. Nge2 Qd7 {A80: Dutch Defence: Unusual White second moves.} 8. a3 g6 9.
h4 $5 {[%mdl 4] [#] Exploring less charted territory.} Bd6 $146 {The position
is equal.} ({Predecessor:} 9... a6 10. Nf4 Bf7 11. Qf3 O-O-O 12. b4 Ne5 13.
dxe5 fxe5 14. Nfe2 e4 15. Qh3 Bg7 {1/2-1/2 (52) Romanelli,G (2085)-Biancosino,
R (2044) Moron 2016}) 10. Nb5 O-O-O (10... Be7 $11) 11. Nxd6+ $14 Qxd6 12. Qd2
Kb8 13. O-O-O Rhe8 14. h5 g5 15. h6 Ne7 16. Ng3 Qd7 17. Nh5 Rf8 18. f3 Nc8 19.
Ng7 Nd6 20. Kb1 Bf7 21. c3 Bg6 22. Qc2 Rf7 23. Rdg1 Re7 24. g4 (24. Re1 $11 {
remains equal.}) 24... Rxe3 25. gxf5 {[#]} Rxd3 $1 26. fxg6 {[#]} (26. Qxd3 $2
Nxf5 27. Ka1 (27. Nxf5 $2 Bxf5 28. Rd1 Bxd3+ $19) 27... Nxh6 $1 $19 {[%mdl 512]
}) 26... Nc4 $1 27. Rh2 ({Don't go for} 27. gxh7 $2 Rd2 $19) (27. Qxd3 $16 Qb5
28. Qxc4 dxc4 29. Re1 (29. gxh7 Qd7 $14)) (27. Qxd3 Qb5) 27... Qb5 $2 (27...
Rxf3 28. gxh7 Rh8) 28. Ka2 Ne3 29. Qb3 Qxb3+ (29... Qc6 $142 30. gxh7 Rh8) 30.
Kxb3 $18 hxg6 31. h7 Rh8 {[#]} 32. Ne8 $1 {[%cal Re8f6][%mdl 512]} Nf5 {
...Nxd4+ is the strong threat.} 33. Nxf6 Nxd4+ 34. Ka2 {aiming for Re1.} Nxf3
35. Rh3 c6 36. Rgg3 g4 37. Nxg4 {Strongly threatening Nf6.} Ne1 $2 (37... Ne5)
38. Nf6 {[%mdl 64] Discovered Attack. White is clearly winning.} ({Not} 38.
Rxd3 Nxd3 39. Rxd3 Rxh7 $18) 38... Rd2 39. Rxg6 {And now Rg8+ would win.} Kc7
40. Rg8 {Weighted Error Value: White=0.21/Black=0.51} 1-0

[Event "LN Tolstoy Memorial 2021"]
[Site "Yasnaya Polyana"]
[Date "2021.09.11"]
[Round "1.5"]
[White "Andreikin, Dmitry"]
[Black "Tomashevsky, Evgeny"]
[Result "1/2-1/2"]
[WhiteElo "2728"]
[BlackElo "2708"]
[Annotator "TA"]
[PlyCount "43"]
[EventDate "2021.09.11"]
[EventType "tourn"]
[EventCountry "RUS"]
[SourceTitle "playchess.com"]
[Source "ChessBase"]
[SourceQuality "1"]

{[%evp 13,43,3,10,3,6,14,14,14,8,8,8,8,8,7,8,8,9,6,10,12,12,0,0,0,34,41,40,39,
52,0,0,0]} 1. Nf3 Nf6 2. c4 e6 3. Nc3 d5 4. d4 Be7 5. Bf4 O-O 6. e3 Nbd7 7. c5
Nh5 8. Bd3 {D37: Queen's Gambit Declined: 5 Bf4.} Nxf4 9. exf4 b6 10. b4 a5 11.
a3 c6 12. O-O Ba6 $1 {[%mdl 4] is now more promising than 12...Qc7.} 13. g3 Bf6
14. Ne5 Bxe5 15. fxe5 Bxd3 16. Qxd3 {[#]} Ra7 $146 {[%cal Ba8a7,Ba7c7,Bc7c6]
[%mdl 32]} ({Predecessor:} 16... f6 17. f4 fxe5 18. fxe5 axb4 19. axb4 Rxf1+
20. Qxf1 b5 21. h4 Nf8 22. Qc1 Rxa1 23. Qxa1 {1/2-1/2 (39) Kudrya,A-Boulanger,
M (2178) ICCF email 2018}) 17. Rab1 Qe7 18. Rfc1 Rfa8 19. b5 Rc7 20. cxb6 Nxb6
{[#]} 21. bxc6 (21. Na4 $1 $14 Nxa4 22. bxc6) 21... Rxc6 $11 22. Nb5 {Weighted
Error Value: White=0.06/Black=0.03} 1/2-1/2

[Event "LN Tolstoy Memorial 2021"]
[Site "Yasnaya Polyana"]
[Date "2021.09.11"]
[Round "2.1"]
[White "Matlakov, Maxim"]
[Black "Tomashevsky, Evgeny"]
[Result "1/2-1/2"]
[WhiteElo "2683"]
[BlackElo "2708"]
[Annotator "TA"]
[PlyCount "57"]
[EventDate "2021.09.11"]
[EventType "tourn"]
[EventCountry "RUS"]
[SourceTitle "playchess.com"]
[Source "ChessBase"]
[SourceQuality "1"]

{[%evp 15,57,16,17,16,16,16,16,16,25,16,22,11,14,3,25,0,0,0,0,0,0,0,0,9,40,0,0,
0,0,0,1,7,3,22,19,10,18,24,25,0,0,-2,-2,-3]} 1. e4 e5 2. Nf3 Nc6 3. Bb5 a6 4.
Ba4 Nf6 5. O-O Be7 6. d3 b5 7. Bb3 d6 8. c3 O-O 9. a4 {C84: Closed Ruy Lopez:
Unusual White 6th moves.} Bd7 10. Bc2 Re8 11. Re1 h6 12. h3 Bf8 13. Nbd2 {
[%cal Bb1d2,Bd2f1,Bf1g3][%mdl 32]} Rb8 14. Nf1 {14.axb5 is a critical line.} b4
{[#]} 15. d4 $146 ({Predecessor:} 15. Ng3 bxc3 16. bxc3 d5 17. exd5 {1/2-1/2 
(17) Areshchenko,A (2656)-Efimenko,Z (2647) Yerevan 2015}) 15... bxc3 16. bxc3
exd4 17. cxd4 Nb4 18. Ng3 Nxc2 19. Qxc2 Rb7 {[%cal Bb8b7,Bb7c7,Bc7c6][%mdl 32]}
20. d5 c6 $1 {[%cal Rc6d5]} 21. dxc6 Rc7 22. Nd4 Bxc6 23. Nxc6 {Bb2 is the
strong threat.} Qc8 {[#]} 24. Bb2 $1 {Threatens to win with Rac1.} Rxc6 25. Qd3
{Black should prevent Bxf6.} Qe6 26. Rad1 Rb8 27. Bxf6 Qxf6 28. Rb1 Rxb1 29.
Rxb1 {An uneventful encounter.  Weighted Error Value: White=0.08/Black=0.02}
1/2-1/2

[Event "LN Tolstoy Memorial 2021"]
[Site "Yasnaya Polyana"]
[Date "2021.09.11"]
[Round "2.2"]
[White "Paravyan, David"]
[Black "Andreikin, Dmitry"]
[Result "1-0"]
[WhiteElo "2660"]
[BlackElo "2728"]
[Annotator "TA"]
[PlyCount "235"]
[EventDate "2021.09.11"]
[EventType "tourn"]
[EventCountry "RUS"]
[SourceTitle "playchess.com"]
[Source "ChessBase"]
[SourceQuality "1"]

{[%evp 23,235,7,10,6,18,8,11,19,10,0,0,0,0,0,8,0,0,0,27,27,17,29,71,66,73,72,
66,27,43,0,0,0,5,0,0,0,96,97,100,98,135,140,162,161,217,220,219,225,270,16,14,
0,0,0,0,0,0,0,35,27,27,24,25,25,60,44,97,75,112,115,388,388,377,321,578,554,
709,464,564,564,1084,444,403,359,366,141,97,51,464,452,373,16,23,9,16,0,0,0,0,
0,0,0,0,0,0,0,0,0,0,-28000,-28000,-28000,-28000,-28000,-28000,-28000,-28000,
-28000,-28000,-28000,-28000,-28000,-28000,-28000,-28000,-28000,-28000,-28000,
-28000,-28000,-28000,-28000,-28000,-28000,-28000,-28000,-28000,-28000,-28000,
-28000,-28000,-28000,-28000,-28000,-28000,-28000,-28000,-28000,-28000,-28000,
-28000,-28000,-28000,-28000,-28000,-28000,-28000,-28000,-28000,-28000,-28000,
-28000,-28000,-28000,-28000,-28000,-28000,-28000,-28000,-28000,-28000,-28000,
-28000,-28000,-28000,-28000,-28000,-28000,-28000,-28000,-28000,-28000,-28000,
-28000,-28000,-28000,27972,27972,27973,-28000,-28000,-28000,-28000,-28000,
-28000,-28000,-28000,-28000,27986,27986,27987,27987,27988,27988,27989,27989,
27990,27990,27997,27997,27998,27998,27999,27999]} 1. e4 e5 2. Nf3 Nc6 3. Nc3
Nf6 4. d4 exd4 5. Nxd4 Bb4 6. Nxc6 bxc6 7. Bd3 O-O 8. O-O d5 9. exd5 cxd5 10.
Bg5 c6 11. Qf3 Rb8 {11...h6 is the recent fashion.} 12. h3 Bd6 13. b3 {C47:
Scotch Four Knights and Four Knights with 4 g3.} h6 14. Bf4 Rb4 15. Bxd6 {
The position is equal.} Qxd6 {[#]} 16. Qe3 $1 $146 {[%mdl 8] An important
novelty.} ({Predecessor:} 16. Rfe1 a5 17. Rad1 Bd7 18. Qe3 Rc8 19. Qa7 Rh4 20.
Re3 Qc7 21. Qxc7 Rxc7 22. Na4 {1/2-1/2 (57) Carlsen,M (2839)-Ding,L (2804)
Porto Carras 2018}) 16... c5 17. Rfe1 Be6 18. Rad1 Qc7 19. Na4 c4 20. Bf1 Qa5
21. c3 Rbb8 22. Nc5 Rfe8 23. Qd4 {[%cal Rb3c4]} Bf5 24. bxc4 Rec8 25. Nd3 {
Nb4 is the strong threat.} dxc4 26. Nb4 {aiming for Re5.} Be6 $1 27. Qf4 {
Strongly threatening Nc6!} Qg5 28. Qxg5 hxg5 29. Re5 Rd8 (29... a5 $11 30. Nc2
(30. Rxa5 Ne4 $11) 30... Rb2) 30. Rde1 $1 $16 Rd2 31. Rxg5 Nd5 32. Nc6 (32.
Bxc4 $6 Nxb4 33. Rxe6 (33. Bxe6 Nc2 $15) 33... fxe6 $11) 32... Rbb2 33. Nd4 ({
Don't take} 33. Bxc4 $6 Nf4 $16) 33... Rxd4 (33... Nf4 $142) 34. cxd4 $18 c3
35. Rc1 c2 36. a3 $2 (36. Re5 $1 $18) 36... f6 $11 {[#]} 37. Rxd5 Bxd5 {
[%mdl 4096] Endgame KRB-KRB} 38. Bd3 Bb3 39. Kf1 Ra2 40. Ke2 Kf8 (40... Kf7 {
feels hotter.} 41. Kd2 Rxa3 42. Re1 a5 43. h4 Ra2) 41. Kd2 Rxa3 42. Bxc2 Bd5
43. f3 a5 44. Rb1 a4 ({Better is} 44... Ke7 $14) 45. Rb5 $16 Bc6 46. Ra5 Ra1 $2
{[%mdl 8192]} (46... Ke7 $16 {was necessary.} 47. Ra7+ Kf8) 47. d5 $1 $18 {
[%cal Rd5c6]} Bd7 48. Ra7 Bb5 (48... Ke8 49. d6 Ra2) 49. d6 {Black must now
prevent Bg6.} g5 50. Bf5 Ra2+ 51. Kc3 Rxg2 52. Rb7 (52. Bd3 $142 Bc6 53. Rc7)
52... Bc6 53. Rb8+ Kf7 54. d7 $2 (54. Rb6 $18 {and White stays clearly on top.}
Be8 55. Rb7+ Kf8 56. d7 Bxd7 57. Rxd7 (57. Bxd7 Rg3 $18)) 54... Bxd7 $16 55.
Rb7 (55. Bxd7 {is more complex.} Rg3 56. Bc6 Rxh3 57. Kd4 Rh4+ 58. Kd3) 55...
a3 $2 {[%mdl 8192]} 56. Rxd7+ $18 {KRB-KR} Kf8 57. Ra7 $2 (57. Kd3 $18) 57...
Rg3 $1 $11 58. Kd4 (58. Kc2 {is more complex.} Rxf3 59. Ra5 Rf2+ 60. Kd3 a2 61.
Ra8+) 58... Rxf3 59. Be6 {Threatens to win with Ke4.} (59. Ra5 {is interesting.
} a2 60. Be6 Ke7 61. Bd5 Rxh3 62. Ra7+) 59... f5 60. Ke5 {Threatening mate
with Kf6.} (60. h4 {is more complex.} Rf4+ 61. Ke5 Rxh4 62. Rxa3 f4 63. Ra8+)
60... Rxh3 61. Kd6 (61. Bf7 {keeps more tension.} Rh6 62. Bc4 f4 63. Rxa3 f3
64. Rb3) 61... Rd3+ 62. Bd5 g4 63. Rf7+ Kg8 {( -> ...Rxd5+!)} 64. Rxf5+ (64.
Rc7+ {looks sharper.} Kh8 65. Rf7 Rd2 66. Rxf5 g3 67. Rh5+) 64... Kg7 65. Rg5+
$2 {[%mdl 8192]} (65. Kc5 $11) 65... Kf6 66. Rxg4 a2 67. Rf4+ Kg5 68. Ra4 Rd2
$4 {[%mdl 8192]} (68... a1=Q 69. Rxa1 Re3) 69. Ke5 Re2+ $4 {[%mdl 8192]} (69...
a1=Q+ 70. Rxa1 Re2+ 71. Be4 Rf2) 70. Kd4 Rd2+ $4 {[%mdl 8192]} (70... a1=Q+ 71.
Rxa1 Kf4) 71. Ke4 Rf2 $4 {[%mdl 8192]} (71... a1=Q 72. Rxa1 Re2+ 73. Kd4 Rf2)
72. Ke3 Rb2 $4 {[%mdl 8192]} (72... a1=Q 73. Rxa1 Rf8) 73. Bxa2 Kf6 $4 {
[%mdl 8192]} (73... Rb5 74. Kd4 Kf4) 74. Ra5 Rh2 $4 {[%mdl 8192]} (74... Rb6
75. Ke4 Rb7) 75. Bd5 Ke5 $4 {[%mdl 8192]} (75... Rh3+ 76. Kd4 Rh2) 76. Be4+ Kd6
77. Kd4 Rd2+ 78. Bd3 Rd1 $4 {[%mdl 8192]} (78... Kc7 79. Rg5 Rd1) 79. Ra6+ Ke7
$4 {[%mdl 8192]} (79... Kc7 80. Ra7+ Kd6) 80. Ke4 Re1+ 81. Kf5 Re3 82. Be4 Re1
$4 {[%mdl 8192]} (82... Kd7 83. Ke5 Rc3) 83. Ke5 Re2 $4 {[%mdl 8192]} (83...
Kd8 84. Kd6 Ke8) 84. Ra7+ Ke8 85. Kf5 Kd8 $4 {[%mdl 8192]} (85... Rf2+ 86. Ke6
Kd8) 86. Bd5 Re7 $4 {[%mdl 8192]} (86... Rf2+ 87. Ke6 Kc8) 87. Ra6 Re1 $4 {
[%mdl 8192]} (87... Rd7 88. Ke6 Re7+ 89. Kf6 Re1) 88. Ra7 Re7 $4 {[%mdl 8192]}
(88... Rf1+ 89. Ke6 Kc8) 89. Ra8+ Kc7 90. Be6 Kb6 91. Ke5 Rh7 $4 {[%mdl 8192]}
(91... Kb7 92. Ra2 Rc7) 92. Kd6 Rh6 $4 {[%mdl 8192]} (92... Rb7 93. Bd5 Rg7)
93. Ra1 Kb5 94. Rb1+ Ka4 95. Kd5 Ka3 $4 {[%mdl 8192]} (95... Rh5+ 96. Kc4 Rh4+
97. Kc5 Rh5+ 98. Kd4 Rh4+ 99. Kc3 Ka5) 96. Rb6 Rh4 $4 {[%mdl 8192]} (96... Rh5+
97. Kd4 Rg5) 97. Kc5 Rb4 $4 {[%mdl 8192]} 98. Rd6 Re4 $4 {[%mdl 8192]} (98...
Ra4 99. Rd2 Ra5+ 100. Kd4 Rh5) 99. Bd5 Re8 $4 {[%mdl 8192]} (99... Ra4 100. Rb6
Rb4) 100. Rb6 Rc8+ 101. Kd4 Rc2 102. Rb3+ Ka2 $4 {[%mdl 8192]} (102... Ka4 103.
Bc4 Rg2) 103. Bc4 Ka1 104. Rb7 Rd2+ $4 {[%mdl 8192]} (104... Rb2 105. Ra7+ Kb1)
105. Bd3 $1 Rb2 106. Rc7 Rb4+ 107. Kc3 Rb3+ $1 108. Kc2 Rb2+ $1 109. Kc1 Rb1+
$1 110. Kd2 Rb8 $4 {[%mdl 8192] [#]} (110... Rb4 111. Kc3 Rb3+ 112. Kd4 Kb2)
111. Rc1+ $1 {White mates.} Ka2 112. Bc4+ Ka3 {[#]} 113. Ra1+ $1 ({Less strong
is} 113. Kc3 Rb3+ 114. Kd4 Rb6 $14) 113... Kb2 114. Ra2+ Kb1 115. Kc3 Rh8 116.
Ra7 Rc8 117. Rf7 {[%cal Rf7f1]} Rd8 118. Rf1+ {What a fight!  Weighted Error
Value: White=0.42/Black=0.49} 1-0